Central Library OPAC University of Rajshahi

সহস্রাব্দের ব্রাত্যগান ও রবীন্দ্রনাথ / (Record no. 48454)

MARC details
000 -LEADER
fixed length control field 00933nam a2200229 a 4500
001 - CONTROL NUMBER
control field 48454
003 - CONTROL NUMBER IDENTIFIER
rucl marc code BD-RjUL
005 - DATE AND TIME OF LATEST TRANSACTION
control field 20211209054528.0
008 - FIXED-LENGTH DATA ELEMENTS--GENERAL INFORMATION
fixed length control field 160814s2000 ii ||||| |||| 00| 0 ben d
020 ## - INTERNATIONAL STANDARD BOOK NUMBER
International Standard Book Number 8186946446
Terms of availability : IRs.60.00
035 ## - SYSTEM CONTROL NUMBER
System control number (BD-RjUL)48573
040 ## - CATALOGING SOURCE
Original cataloging agency BD-RjUL
Language of cataloging ben
Transcribing agency BD-RjUL
Modifying agency BD-RjUL
041 ## - LANGUAGE CODE
Language code of text/sound track or separate title ben
082 ## - DEWEY DECIMAL CLASSIFICATION NUMBER
Edition number 23
Classification number 891.4409
Author mark and year GHS 2000
100 ## - MAIN ENTRY--PERSONAL NAME
Personal name ঘোষ, জ্যোতির্ময়
9 (RLIN) 118284
245 10 - TITLE STATEMENT
Title সহস্রাব্দের ব্রাত্যগান ও রবীন্দ্রনাথ /
Statement of responsibility, etc. জ্যোতির্ময় ঘোষ,
260 ## - PUBLICATION, DISTRIBUTION, ETC. (IMPRINT)
Place of publication, distribution, etc. কলকাতা :
Name of publisher, distributor, etc. সাহিত্যলোক,
Date of publication, distribution, etc. ২০০০.
300 ## - PHYSICAL DESCRIPTION
Pagination ১৫০ পৃ. ;
Size ১৮ সেমি.
650 ## - SUBJECT ADDED ENTRY--TOPICAL TERM
Topical term or geographic name as entry element বাংলা সাহিত্য
Form subdivision ইতিহাস ও সমালোচনা
9 (RLIN) 117445
Topical term or geographic name as entry element Bengali literature
Form subdivision History and Criticism
9 (RLIN) 146528
942 ## - ADDED ENTRY ELEMENTS (KOHA)
Source of classification or shelving scheme Dewey Decimal Classification
Koha item type Books
Holdings
Lost status Source of classification or shelving scheme Damaged status Not for loan Collection code Permanent Location Current Location Shelving location Date acquired Source of acquisition Cost, normal purchase price Total Checkouts Full call number Date last seen Copy number Koha item type
  Dewey Decimal Classification     Non-fiction Central Library, University of Rajshahi Central Library, University of Rajshahi   20/11/2005 Paragon Enterprises Dhaka 60.00   B 891.4409 GHS 2000 14/08/2016 C-2 Books
  Dewey Decimal Classification   Not For Loan Non-fiction Central Library, University of Rajshahi Central Library, University of Rajshahi Reading Room 20/11/2005 Dhaka, Paragon ent. Ltd. 60.00   B 891.4409 GHS 2000 13/02/2017 C-1 Books